Missing Word: 3-Letter Song Starters (A-Z) Quiz Stats

 Plays Quiz Updated Jul 17, 2018

Score 0/25 Timer 02:00
0 Plays Today
Hint Word % Correct
___ Night Long (___ Night)All
98.1%
___ You Feel the Love TonightCan
96.8%
___ JudeHey
95.6%
___ It GoLet
94.5%
___ a Little DeeperDig
90%
___ Let the Dogs Out?Who
89.9%
___ It Ain't SoSay
89.3%
___ Yellow TaxiBig
89.2%
___ and ForeverNow
88.9%
___ Should Be DancingYou
87.1%
___ to the WorldJoy
86.3%
___ LuckyGet
84.9%
___ Sera, Sera (Whatever Will Be, Will Be)Que
84.7%
Hint Word % Correct
___ of LightRay
80.5%
___ My LifeIt's
76.8%
___ It in a Love SongPut
73.4%
___ of the WorldTop
70.7%
___ SomebodyUse
62.8%
___ the WallOff
60.3%
___ to the BeatEat
55.4%
___ StationZoo
53.7%
___ About the BoyMad
48.2%
___ YouFix
33.8%
___ AKid
27.7%
___ TangoVan
19.4%

Today's Daily Dose

You're not logged in!

Compare scores with friends on all Sporcle quizzes.
OR
Log In

Show Comments

Extras

Top Quizzes Today


Score Distribution

Your Account Isn't Verified!

In order to create a playlist on Sporcle, you need to verify the email address you used during registration. Go to your Sporcle Settings to finish the process.

Report this User

Report this user for behavior that violates our Community Guidelines.

Details: